000 00614nam a2200205Ia 4500
003 GCL
008 140319s9999 xx 000 0 ara d
040 _aGCL /
_cGCL
082 0 4 _a239.9
_bح ق
100 1 _aحسن حبشى
245 1 0 _aقصة اسلام الصحابة: قسم الرجال ج1 /
_cحسن حبشى
300 _a319 ص
490 _aدراسات اسلامية
_v0
650 0 4 _aالاسلام
650 0 4 _aالسيرة النبوية
650 0 4 _aالتراجم الذاتية
650 0 4 _aالصحابة والتابعون
650 0 4 _aالرجال - تراجم
942 _2ddc
_cBK
999 _c50010
_d50010